| 000 | 01463nab a2200277 4500 | ||
|---|---|---|---|
| 003 | AR-RoBPED | ||
| 005 | 20260421105710.0 | ||
| 008 | 260421b |||||||| |||| 00| 0 spa d | ||
| 040 | _aAR-RoBPED | ||
| 041 | _aspa | ||
| 100 | 1 |
_aLobello, Silvia _930774 _eLicenciada en Ciencias de la Educación |
|
| 245 | 1 | 4 | _aLos cuentos en manos de las chicas y los chicos que están aprendiendo a leer / |
| 260 |
_aBuenos Aires : _bNoveduc, _c2024 |
||
| 300 | _a21-27 p. | ||
| 500 | _aDesde una concepción de lectura que sostiene que leer es comprender, las autoras se refieren a las condiciones didácticas, textos y situaciones de enseñanza que propician la lectura de los chicos por sí mismos en torno a lo literario y dan cuenta de propuestas específicas y contextualizadas en donde ellos resuelven desafíos de lectura con intervención deliberada y sostenida de la o el docente. | ||
| 650 | 7 |
_aENSEÑANZA DE LA LECTURA _9158 |
|
| 650 | 7 |
_aNIÑOS _962 |
|
| 650 | 7 |
_aLECTURA EN VOZ ALTA _919152 |
|
| 650 | 7 |
_aENSEÑANZA _9342 |
|
| 650 | 7 |
_aCUENTOS _9291 |
|
| 700 | 1 |
_aPaione, Alejandra _922448 _eProfesora en Ciencias de la Educación |
|
| 700 | 1 |
_aStorino, Sandra _930775 _eLicenciada en Enseñanza de las Prácticas de la Lectura y de la Escritura |
|
| 773 | 0 |
_020414 _941862 _dBuenos Aires : Noveduc, 1993- _tNovedades Educativas _w(AR-RoBPED)20414 _x03283534 |
|
| 942 |
_2udc _cREV _h37(05) _mNov 86 N° 399 (Nov.2024) _ak.32585 |
||
| 945 | _amar 04/2026 | ||
| 999 |
_c32585 _d32585 |
||